000 00677nam a2200241Ia 4500
003 OSt
005 20220918181855.0
006 a|||||r|||| 00| 0
007 ta
008 220917b |||||||| |||| 00| 0 eng d
024 _a29,082
037 _cTextual
040 _aARTS
_cARTS
_beng
041 _2eng
_aeng
082 _aO111,3:g(S:526), N5
100 _aSiegel Les
_959387
245 0 _aCity dreadful night
_b a tale if horror and the macabre in India
260 _aChicago
_bUniv Of Chicago
_c1995
300 _a255p.
_ccm.
650 _aENGLISH LITERATURE
942 _hO111,3:g(S:526), N5
_cTEXL
_2CC
999 _c167118
_d167118